Chemistry Formulae; (Record no. 172717)

MARC details
000 -LEADER
fixed length control field 00562nam a22001817a 4500
005 - DATE AND TIME OF LATEST TRANSACTION
control field 20200211165543.0
010 ## - LCCN (DPL NO)
LC control number ENG-127693
020 ## - INTERNATIONAL STANDARD BOOK NUMBER
Terms of availability 40.00
035 ## - SYSTEM CONTROL NUMBER
System control number EN-111225
037 ## - SOURCE OF ACQUISITION
Source of stock number/acquisition DBAD/PUB
082 ## - DEWEY DECIMAL CLASSIFICATION NUMBER
Classification number 540
100 ## - MAIN ENTRY--PERSONAL NAME
Personal name N.Madhu
245 ## - TITLE STATEMENT
Title Chemistry Formulae;
Remainder of title For High School,College Students and also useful for Competitive Examinations
260 ## - PUBLICATION, DISTRIBUTION, ETC. (IMPRINT)
Place of publication, distribution, etc Vijayawada
Date of publication, distribution, etc 2018
Name of publisher, distributor, etc Navaratna Book House
270 ## - ADDRESS
Address 28-22-20,Rehman Street,
-- Aurandelpet, Vijayawada
Postal code 520002
300 ## - PHYSICAL DESCRIPTION
Extent 76p.
Other physical details 21.5cm(pbk)
942 ## - ADDED ENTRY ELEMENTS (KOHA)
Source of classification or shelving scheme Dewey Decimal Classification
Item type English Books
Classification part 540
Call number suffix NMA
Holdings
Withdrawn status Lost status Not for loan Collection code Home library Current library Date acquired Source of acquisition Cost, normal purchase price Full call number Barcode Copy number Cost, replacement price Koha item type
      Non-fiction Bawana Bawana 11/02/2020 DBAD/PUB 40.00 540 NMA EN-111225 1 40.00 English Books

© Delhi Public Library
Hit Counter
free hit counter